|
|
|
|
| LEADER |
00000nam2a2200000 4500 |
| 001 |
252523 |
| 005 |
20231101232747.0 |
| 035 |
|
|
|a (RuTPU)RU\TPU\book\274870
|
| 035 |
|
|
|a RU\TPU\book\274853
|
| 090 |
|
|
|a 252523
|
| 100 |
|
|
|a 20140304d1989 k y0rusy50 ca
|
| 101 |
0 |
|
|a rus
|
| 102 |
|
|
|a RU
|
| 105 |
|
|
|a a z 001zy
|
| 200 |
0 |
|
|a Т. 11 : Массоперенос в водонасыщенных горных породах
|
| 210 |
|
|
|d 1989
|
| 215 |
|
|
|a 144 с.
|c ил.
|
| 320 |
|
|
|a Библиогр.: с. 132-142
|
| 461 |
|
1 |
|0 (RuTPU)RU\TPU\book\245942
|x 0202-7356
|t Гидрогеология. Инженерная геология
|f Академия наук СССР (АН СССР), Всесоюзный институт научной и технической информации (ВИНИТИ)
|v Т. 11 : Массоперенос в водонасыщенных горных породах
|d 1969-1990
|s Гидрогеология. Инженерная геология
|
| 606 |
1 |
|
|a Гидрогеология
|2 stltpush
|3 (RuTPU)RU\TPU\subj\38647
|9 59032
|
| 606 |
1 |
|
|a Инженерная геология
|2 stltpush
|3 (RuTPU)RU\TPU\subj\12572
|9 39335
|
| 610 |
1 |
|
|a массоперенос
|
| 610 |
1 |
|
|a конвективный перенос
|
| 610 |
1 |
|
|a диффузионная кинетика
|
| 610 |
1 |
|
|a гидродинамическая дисперсия
|
| 610 |
1 |
|
|a подземные воды
|
| 610 |
1 |
|
|a массообмен
|
| 675 |
|
|
|a 556.3
|v 4
|
| 675 |
|
|
|a 624.131.1
|v 4
|
| 801 |
|
1 |
|a RU
|b 63413507
|c 20111027
|
| 801 |
|
2 |
|a RU
|b 63413507
|c 20170817
|g RCR
|
| 942 |
|
|
|c BK
|